书目信息 |
| 题名: |
阅读教学浅论
|
|
| 作者: | 李保初 著 | |
| 分册: | ||
| 出版信息: | 石家庄 河北人民出版社 1985 |
|
| 页数: | 259页 | |
| 开本: | 19cm | |
| 丛书名: | ||
| 单 册: | ||
| 中图分类: | H193 , G633.3 | |
| 科图分类: | ||
| 主题词: | 阅读教学 | |
| 电子资源: | ||
| ISBN: | ||
| 000 | 00615nam0 2200241 45 | |
| 001 | 0185013008 | |
| 005 | 20030101035646.8 | |
| 010 | @dCNY0.87 | |
| 100 | @a19951021d1985 em y0chiy0121 ea | |
| 101 | 0 | @achi |
| 102 | @aCN@b130000 | |
| 105 | @ay z 000yy | |
| 106 | @ar | |
| 200 | 10 | @a阅读教学浅论@Ayue du jiao xue qian lun@f李保初著 |
| 210 | @a石家庄@c河北人民出版社@d1985 | |
| 215 | @a259页@d19cm | |
| 606 | @a阅读教学 | |
| 690 | @aH193@v3 | |
| 690 | @aG633.3@v3 | |
| 701 | 0 | @a李保初@4著@Ali he chu |
| 801 | 0 | @aCN@b深圳图书馆@c20040505 |
| 801 | 2 | @aCN@bNLC@c20040505 |
| 905 | @dG633.3@e102@f1@b138976 | |
| 阅读教学浅论/李保初著.-石家庄:河北人民出版社,1985 |
| 259页;19cm |
| ISBN :CNY0.87 |
| ● |
| 相关链接 |
|
|
|
|
正题名:阅读教学浅论
索取号:G633.3/102
 
预约/预借
| 序号 | 登录号 | 条形码 | 馆藏地/架位号 | 状态 | 备注 |
| 1 | 0138973 | 000479734 | 密集书库/ [索取号:G633.3/102] | 在馆 | |
| 2 | 0138974 | 000479823 | 密集书库/ [索取号:G633.3/102] | 在馆 | |
| 3 | 0138975 | 000479770 | 密集书库/ [索取号:G633.3/102] | 在馆 | |
| 4 | 0138976 | 000479814 | 密集书库/ [索取号:G633.3/102] | 在馆 | |
| 5 | 0138977 | 000479869 | 第一样本阅览室/ [索取号:G633.3/102] | 在馆 |